MARC details
| 000 -LEADER |
| fixed length control field |
01049cab a2200205 4500 |
| 001 - CONTROL NUMBER |
| control field |
ABS23459 |
| 008 - FIXED-LENGTH DATA ELEMENTS--GENERAL INFORMATION |
| fixed length control field |
090401t xxu||||| |||| 00| 0 eng d |
| 035 ## - SYSTEM CONTROL NUMBER |
| System control number |
(Sirsi) u17139 |
| 041 ## - LANGUAGE CODE |
| Language code of text/sound track or separate title |
eng |
| 245 ## - TITLE STATEMENT |
| Title |
Housing |
| 260 ## - PUBLICATION, DISTRIBUTION, ETC. |
| Date of publication, distribution, etc. |
Supplement 27 March 1987(26) |
| 350 ## - PRICE (NR) (BK AM CF MU VM SE) [OBSOLETE] |
| Price |
0 |
| 490 ## - SERIES STATEMENT |
| Series statement |
Building |
| Volume/sequential designation |
Supplement 27 March 1987(26) |
| 520 ## - SUMMARY, ETC. |
| Summary, etc. |
Reviews housebuilding trends in the public and private sectors and reports on designs which are currently popular among homebuyers. Includes features on waterside devlopment , floating homes and sheltered housing schemes. Examines the roles played by housing associations and building societies in increasing access to home ownership, producing private rented housing and tackling urban renewal; the contributions made to development by the Halifax Building Society and the work of PROBE , an agency to encourage urban renewal on derelict sites are noted. |
| 650 ## - SUBJECT ADDED ENTRY--TOPICAL TERM |
| Topical term or geographic name entry element |
CONSTRUCTION FORECASTS |
| 650 ## - SUBJECT ADDED ENTRY--TOPICAL TERM |
| Topical term or geographic name entry element |
HOUSING-DEVELOPMENT |
| 690 ## - LOCAL SUBJECT ADDED ENTRY--TOPICAL TERM (OCLC, RLIN) |
| Topical term or geographic name as entry element |
Block management |
| 9 (RLIN) |
6220 |
| 942 ## - ADDED ENTRY ELEMENTS (KOHA) |
| Suppress in OPAC |
0 |
| 948 ## - LOCAL PROCESSING INFORMATION (OCLC); SERIES PART DESIGNATOR (RLIN) |
| c (OCLC) |
04/03/1997 |